000 00363nam a2200145Ia 4500
008 100122s9999 xx 000 0 und d
082 _b52304
_a823
100 _aFORSYTH FREDERICK
245 _aTHE DEVILS ALTERNATIVE
260 _bARROW BOOKS
_c1995
300 _a478
630 _aTHE DEVILS ALTERNATIVE
730 _aTHE DEVILS ALTERNATIVE
942 _cBOOK
999 _c375952
_d375949